Music Quiz

Random Music or Album Quiz

Eminem Songs Quiz Stats

 Plays Quiz Updated Mar 12, 2018

Score 0/173 Timer 10:00
0 Plays Today
Album Song % Correct
The Marshall Mathers LPThe Real Slim Shady
78.5%
The Marshall Mathers LPStan
74.1%
Slim Shady LPMy Name Is
70.6%
KamikazeKamikaze
66.7%
KamikazePaul
64.8%
The Eminem ShowWithout Me
64.3%
RecoveryNot Afraid
63.4%
The Marshall Mathers LP 2Rap God
62%
EncoreMockingbird
61.4%
RecoveryLove the Way You Lie
60.6%
The Marshall Mathers LPKim
59.8%
KamikazeLucky You (featuring Joyner Lucas)
59.6%
KamikazeVenom
59.3%
The Eminem ShowCleanin' Out My Closet
58.3%
KamikazeThe Ringer
57.2%
RevivalRiver (featuring Ed Sheeran)
55.8%
The Marshall Mathers LPThe Way I Am
55.3%
KamikazeGood Guy (featuring Jessie Reyez)
55.1%
EncoreLike Toy Soldiers
54.9%
The Eminem Show'Till I Collapse
54.4%
The Eminem ShowWhite America
54.3%
InfiniteInfinite
54.1%
The Marshall Mathers LPKill You
53.9%
KamikazeFall
53.9%
RevivalWalk on Water (featuring Beyoncé)
52.3%
The Marshall Mathers LP 2The Monster (featuring Rihanna)
52.2%
KamikazeNice Guy (featuring Jessie Reyez)
52%
RelapseBeautiful
51.6%
Relapse3 A.M.
51.3%
KamikazeGreatest
50.9%
The Eminem ShowPaul Rosenberg
50.7%
EncoreJust Lose It
50.7%
Slim Shady LPPaul
50.7%
The Marshall Mathers LPPaul
50.7%
EncorePaul
50.7%
RelapsePaul
50.7%
KamikazeNot Alike (featuring Royce da 5'9)
50.5%
The Eminem ShowSuperman
49.8%
Slim Shady LPGuilty Conscience
49%
The Eminem ShowSing for the Moment
47.8%
The Eminem ShowHailie's Song
46.4%
The Marshall Mathers LP 2Berzerk
46.4%
KamikazeStepping Stone
45.9%
Slim Shady LPJust Don't Give a ****
45.6%
The Marshall Mathers LPMarshall Mathers
45.6%
RelapseWe Made You
45.5%
EncoreEncore/Curtains Down
45.2%
RecoverySpace Bound
44.5%
The Marshall Mathers LPCriminal
44.4%
The Eminem ShowBusiness
44.1%
RecoveryNo Love
43.8%
The Marshall Mathers LP 2Bad Guy
43.3%
RelapseCrack a Bottle
43.3%
KamikazeEm Calls Paul
43%
Slim Shady LPStill Don't Give a ****
42.8%
RelapseUnderground/Ken Kaniff
42.6%
RelapseMy Mom
42.4%
Encore*** Like That
42%
Album Song % Correct
Slim Shady LP*****
41.4%
EncoreMosh
40.9%
RecoveryCold Wind Blows
40.6%
KamikazeNormal
40.3%
The Eminem ShowSoldier
38.8%
Slim Shady LPRole Model
38.5%
The Marshall Mathers LPPublic Service Announcement 2000
38.5%
The Marshall Mathers LP 2Headlights (featuring Nate Ruess)
38.4%
Slim Shady LPPublic Service Announcement
38.3%
The Marshall Mathers LP 2Survival
38%
RevivalCastle (featuring Liz Rodrigues)
37.9%
The Eminem ShowCurtains Up
37.8%
EncoreCurtains Up
37.8%
Slim Shady LPBrain Damage
37.4%
The Marshall Mathers LPI'm Back
37.3%
The Eminem ShowMy Dad's Gone Crazy
37.3%
Slim Shady LP'97 Bonnie & Clyde
37.1%
The Eminem ShowSquare Dance
36.9%
Slim Shady LPRock Bottom
36.5%
Slim Shady LPKen Kaniff
36.2%
The Marshall Mathers LPKen Kaniff
36.2%
RevivalRevival (interlude) (featuring Alice and the Glass Lake)
36.1%
RecoveryCinderella Man
36.1%
The Marshall Mathers LPDrug Ballad
35.9%
EncorePuke
35.8%
RevivalArose
35.3%
RecoveryTalkin' 2 Myself
34.6%
EncoreYellow Brick Road
33.9%
RecoveryW.T.P.
33.9%
The Marshall Mathers LP***** Please II
33.2%
Recovery25 to Life
32.8%
The Marshall Mathers LPSteve Berman
32.8%
The Eminem ShowSteve Berman
32.8%
RelapseSteve Berman
32.8%
RevivalBelieve
32.7%
The Eminem ShowDrips
32.5%
RelapseInsane
32.3%
Slim Shady LPBad Meets Evil
32.2%
The Marshall Mathers LPAmityville
32.1%
Slim Shady LPI'm Shady
31.7%
RelapseBagpipes from Baghdad
31.3%
RecoveryWon't Back Down
31.3%
RevivalBad Husband (featuring X Ambassadors)
31.2%
EncoreEvil Deeds
31.2%
EncoreRain Man
31%
The Marshall Mathers LP 2Love Game (featuring Kendrick Lamar)
31%
The Marshall Mathers LPWho Knew
30.9%
The Marshall Mathers LP 2Legacy
30.5%
Slim Shady LPAs the World Turns
30.4%
Infinite313
30.4%
RevivalFramed
30.2%
The Marshall Mathers LPUnder the Influence
30%
The Marshall Mathers LPRemember Me?
30%
Slim Shady LPMy Fault
29.9%
The Marshall Mathers LP 2******* (featuring Skylar Grey)
29.9%
RevivalChloraseptic (featuring Phresher)
29.7%
The Marshall Mathers LP 2Evil Twin
29.6%
Slim Shady LP*** on Everybody
29.3%
Album Song % Correct
Slim Shady LPIf I Had
29%
RecoveryGoing Through Changes
28.6%
RevivalUntouchable
28.2%
RecoveryOn Fire
28.1%
The Eminem ShowWhen the Music Stops
28%
RevivalRemind Me (Intro)
27.9%
RevivalRemind Me
27.9%
The Eminem ShowCurtains Close
27.9%
The Marshall Mathers LP 2Rhyme or Reason
27.7%
The Marshall Mathers LP 2Parking Lot
27.1%
RelapseMust Be the Ganja
26.8%
RelapseDeja Vu
26.8%
EncoreBig Weenie
26.7%
The Eminem ShowSay Goodbye Hollywood
26.7%
RelapseDr. West
26.4%
The Eminem ShowThe Kiss
26.4%
EncoreNever Enough
26.3%
RecoverySeduction
26.2%
RevivalHeat
26.1%
The Eminem ShowSay What You Say
26%
The Marshall Mathers LP 2So Far...
26%
RevivalOffended
26%
RelapseHello
25.8%
RelapseMedicine Ball
25.8%
RecoverySo Bad
25.6%
RelapseOld Time's Sake
25.5%
RecoveryYou're Never Over
25.3%
RevivalLike Home (featuring Alicia Keys)
25.2%
EncoreOne Shot 2 Shot
25%
RelapseSame Song & Dance
24.9%
The Marshall Mathers LP 2Brainless
24.6%
RecoveryAlmost Famous
24.3%
EncoreEm Calls Paul
24.2%
The Marshall Mathers LP 2So Much Better
23.6%
RelapseStay Wide Awake
23.4%
RevivalIn Your Head
23.3%
EncoreCrazy in Love
23.1%
RelapseTonya
23%
InfiniteTonite
22.5%
The Marshall Mathers LP 2Stronger Than I Was
22.4%
Slim Shady LPSoap
22.1%
InfiniteW.E.G.O.
22%
EncoreMy 1st Single
22%
RevivalNeed Me (featuring P!nk)
21.8%
InfiniteBackstabber
21.7%
RevivalNowhere Fast (featuring Kehlani)
21.6%
InfiniteIt's OK
21.4%
Slim Shady LPLounge
20.8%
InfiniteMaxine
20.6%
RevivalTragic Endings (featuring Skylar Grey)
20.3%
EncoreSpend Some Time
19.7%
InfiniteOpen Mic
19.6%
RelapseMr. Mathers
19.3%
InfiniteJealousy Woes II
18%
InfiniteSearchin'
16.5%
InfiniteNever 2 Far
16.4%
EncoreFinal Thought
14.8%

You're not logged in!

Compare scores with friends on all Sporcle quizzes.
OR
Log In

Sporcle TV

Today on Sporcle TV


Watch our educational content, quiz creation guides, and fun videos on Sporcle TV.

Show Comments

Extras

Top Quizzes Today


Score Distribution

Your Account Isn't Verified!

In order to create a playlist on Sporcle, you need to verify the email address you used during registration. Go to your Sporcle Settings to finish the process.

Report this User

Report this user for behavior that violates our Community Guidelines.

Details: